Cd̤igo general del proceso

Detalles Bibliográficos
Autor principal: Chavarro Cadena, Jorge Enrique
Otros Autores: Ortegn̤ Ortegn̤, Luis Gilberto
Formato: eBook
Lenguaje:español
Publicado: Bogot:̀ Grupo Editorial Nueva Legislacin̤, 2018
Edición:Tercera edicin̤
Materias:
Acceso en línea:Acceso restringido

MARC

LEADER 00000nam a22000007a 4500
005 2018072008458.0
007 cr|||| ||||
008 180720s2018 co |||||s|||| 00||0 spa d
020 |a 978-958-59985-3-7 
035 |a 21886 
040 |a vLex 
090 |c 8071  |d 8071 
100 1 |a Chavarro Cadena, Jorge Enrique 
245 1 0 |a Cd̤igo general del proceso  |h [Recurso electrn̤ico] /  |c Jorge Enrique Chavarro Cadena, Luis Gilberto Ortegn̤ Ortegn̤ 
250 |a Tercera edicin̤ 
256 |a Servicio en ln̕ea 
260 |a Bogot:̀  |b Grupo Editorial Nueva Legislacin̤,  |c 2018 
300 |a 1 recurso electrn̤ico 
506 1 |a Disponible solo en los productos indicados  |d vLex Global  |d vLex Global (Academic Edition, excluding Law Schools)  |d vLex Global (U.S. Academic Edition, Law Schools)  |d vLex Global (U.S. Academic Edition, excluding Law Schools)  |d vLex Global (Academic Edition, Law Schools) 
650 0 4 |a Derecho Procesal  |z Colombia 
700 1 |a Ortegn̤ Ortegn̤, Luis Gilberto 
740 0 |a vLex Libros (Servicio en ln̕ea) 
856 4 0 |u http://vlex.com/source/codigo-general-proceso-tercera-edicion-21886  |z Acceso restringido 
942 |c BOOK 
999 0 |a Procedural law